Duck Dynasty Quiz - Statistics

General Stats
  • This quiz has been taken 1,222 times
    1,217 since last reset
  • The average score is 8 of 16
Answer Stats
Hint Answer % Correct
Who is the CEO of Duck Commander? Willie
81%
What does Si drink regularly? Tea
78%
What War did Si fight in? Vietnam
73%
Who is the youngest of Phil's Sons? Jep
71%
What Word does Si end most of his sentences with? Jack
64%
Who is the oldest of Willie's Sons? John Luke
61%
What is the name of the town radio host/ AC fixer? Mountain Man
53%
What is the name of Jep's wife? Jessica
51%
What was the name of Sadie's Boyfriend? Beau
50%
What is on the roof of the Duck Commander building? Decoys
43%
What does Si win from the donut shop? Camper
41%
What is Si's position in the Company? Reed Man
35%
What animal attacks Godwin? Skunk
28%
How long was there world record duck call? 4 feet
16%
What is Si's old truck named? Grey Ghost
12%
What is the name of the R.V? The Duck Commander
6%
No matching quizzes found
Score Distribution
Percent of People with Each Score
Percentile by Number Answered
Your Score History
You have not taken this quiz since the last reset